Slavery in America / (Record no. 5870)
[ view plain ]
| 000 -LEADER | |
|---|---|
| fixed length control field | 00997nam a22002897a 4500 |
| 001 - CONTROL NUMBER | |
| control field | 5870 |
| 003 - CONTROL NUMBER IDENTIFIER | |
| control field | FISKH |
| 005 - DATE AND TIME OF LATEST TRANSACTION | |
| control field | 20250127111629.0 |
| 008 - FIXED-LENGTH DATA ELEMENTS--GENERAL INFORMATION | |
| fixed length control field | 250127b cb ||||| |||| 00| 0 eng d |
| 020 ## - INTERNATIONAL STANDARD BOOK NUMBER | |
| International Standard Book Number | 9780531266243 |
| 040 ## - CATALOGING SOURCE | |
| Original cataloging agency | FISKH |
| Language of cataloging | eng |
| Transcribing agency | FISKH |
| Modifying agency | FISKH |
| 050 ## - LIBRARY OF CONGRESS CALL NUMBER | |
| Classification number | E441.B64 |
| 082 ## - DEWEY DECIMAL CLASSIFICATION NUMBER | |
| Classification number | 306.3 |
| 100 ## - MAIN ENTRY--PERSONAL NAME | |
| Personal name | F.Blashfield, Jean |
| Dates associated with a name | (1939–2014) |
| 245 ## - TITLE STATEMENT | |
| Title | Slavery in America / |
| Statement of responsibility, etc. | Jean F. Blashfield |
| 250 ## - EDITION STATEMENT | |
| Edition statement | This edition first published in 2012 |
| 260 ## - PUBLICATION, DISTRIBUTION, ETC. | |
| Place of publication, distribution, etc. | New York : |
| Name of publisher, distributor, etc. | Children, |
| Date of publication, distribution, etc. | 2012. |
| 300 ## - PHYSICAL DESCRIPTION | |
| Extent | 48 pages : |
| Other physical details | color illustrations ; |
| Dimensions | 22 cm |
| 505 ## - FORMATTED CONTENTS NOTE | |
| Formatted contents note | W<br/> |
| 520 ## - SUMMARY, ETC. | |
| Summary, etc. | Describes the history of slavery in the United States, from colonial times to the end of the Civil War, and includes information on the slave trade, the Underground Railroad, and the lives of African Americans after emancipation. |
| 521 8# - TARGET AUDIENCE NOTE | |
| Target audience note | 850<br/> |
| Source | Lexile<br/> |
| 521 8# - TARGET AUDIENCE NOTE | |
| Target audience note | W<br/> |
| Source | Raz-Plus<br/> |
| 650 ## - SUBJECT ADDED ENTRY--TOPICAL TERM | |
| Source of heading or term | Slavery |
| Topical term or geographic name entry element | History |
| 650 ## - SUBJECT ADDED ENTRY--TOPICAL TERM | |
| Source of heading or term | Civil War |
| Topical term or geographic name entry element | African |
| 942 ## - ADDED ENTRY ELEMENTS (KOHA) | |
| Source of classification or shelving scheme | Dewey Decimal Classification |
| Koha item type | Books |
| Suppress in OPAC | No |
| Withdrawn status | Lost status | Source of classification or shelving scheme | Damaged status | Not for loan | Collection | Home library | Current library | Shelving location | Date acquired | Total Checkouts | Full call number | Barcode | Date last seen | Copy number | Price effective from | Koha item type |
|---|---|---|---|---|---|---|---|---|---|---|---|---|---|---|---|---|
| Library of Congress Classification | Non-Fiction | Footprints International School Library Network Toul Kork Campus | Footprints International School Library Network Toul Kork Campus | A TK Campus, 4th Floor, Room B401, Non-Fiction Bookcases(7-8) | 01/27/2025 | BLA 306.3 E441.B64 | FISTK05545 | 01/27/2025 | 1 | 01/27/2025 | Books |
